000 00667nam a2200217 i 4500
001 117584
003 ES-MaACL
005 20230906190932.0
007 t|
008 070214s1948 sp r ||||1| spa d
100 1 _aPanzini, Alfredo.
_988834
245 1 3 _aLa linterna de Diógenes /
_cAlfredo Panzini ; traducción del italiano, por J. Albert.
250 _a1ª ed.
260 _aBarcelona :
_bJosé Janés,
_c1948.
300 _a179 p., 4 lám. :
_bil. ;
_c17 cm.
490 1 _aLa hosteria del buen humor
700 1 _aAlbert, J.
_919311
830 0 _aLa hosteria del buen humor
_9187388
852 _aES-MaACL
_jB-12945
_bR.26440
999 _c117584
_d117584